Việt nam trên chặng đường đổi mới và phát triển kinh tế Sách tham khảo

Uloženo v:
Podrobná bibliografie
Hlavní autor: NGUYỄN MINH TÚ
Médium: Kniha
Jazyk:Undetermined
Vydáno: Hà Nội CTQG 2002
Tagy: Přidat tag
Žádné tagy, Buďte první, kdo otaguje tento záznam!
Thư viện lưu trữ: Trung tâm Học liệu Trường Đại học Cần Thơ
LEADER 00520nam a2200169Ia 4500
001 CTU_48382
008 210402s9999 xx 000 0 und d
082 |a 330.9597 
082 |b T500 
100 |a NGUYỄN MINH TÚ 
245 0 |a Việt nam trên chặng đường đổi mới và phát triển kinh tế 
245 0 |b Sách tham khảo 
245 0 |c NGUYỄN MINH TÚ 
260 |a Hà Nội 
260 |b CTQG 
260 |c 2002 
980 |a Trung tâm Học liệu Trường Đại học Cần Thơ